00922cam a2200277 a 450000100100000000500170001000800410002702000150006804000230008308200240010610000500013024500780018025000110025826000330026930000210030249000200032358600220034365000280036565000310039383000280042491000340045291000070048604900090049395201270050299900150062900000794120200929154347.0050719s1994 sp 000 f spa d a8423300196 aDO-SdBNPcDLCdDLC a863.64bG216h, 19941 aGarcía Pavón, Francisco,d1919-19899470314aLas hermanas coloradas :bPlinio en Madrid /cFrancisco García Pavón. a5a ed. aBarcelona :bDestino,c1994. a261 p. ;c19 cm.1 aDestinolibrov1 aPremio Nadal 1969 4aNovela española91123 4aLiteratura española9632 0aDestinolibro ;v198086 aCatalogación por copia / LC aWM aBNGR 001054708MOaGRbGRcHDd2009-09-11iLF1l0o863.64 G216h, 1994p7941-10r2020-06-25w2020-06-25y4ZPréstamo en sala c7719d7719